000 00262nam a2200097Ia 4500
001 1195092
005 20250827021741.0
008 250824s9999 xx 000 0 und d
245 0 _aALPARSLAN ZAFERLER ÇAĞI
_cAHMET HALDUN TERZİOĞLU
260 _bPANAMA YAYINLARI
999 _c1195092
_d1195092